El matadero de echeverría y el costumbrismo /
Guardado en:
| Autor Principal: | |
|---|---|
| Formato: | Libro |
| Publicado: |
Buenos Aires :
Centro Editor de América Latina,
1968
|
| Series: | Biblioteca de Literatura
|
| Materias: | |
| Etiquetas: |
Agregar Etiqueta
Sin Etiquetas, Sea el primero en etiquetar este registro!
|
| LEADER | 00604nam a22001935a 4500 | ||
|---|---|---|---|
| 001 | CEM.cems002871 | ||
| 005 | 20101111104918.0 | ||
| 008 | 130507s1968##################000#0#####d | ||
| 003 | CEMS | ||
| 082 | 0 | 4 | |a A868 |
| 100 | 1 | |a Ghiano, Juan Carlos | |
| 245 | 1 | 0 | |a El matadero de echeverría y el costumbrismo / |c Juan Carlos Ghiano |
| 260 | |a Buenos Aires : |b Centro Editor de América Latina, |c 1968 | ||
| 300 | |a 118 p. | ||
| 490 | 0 | |a Biblioteca de Literatura | |
| 653 | |a Literatura | ||
| 653 | |a Literatura argentina | ||
| 653 | |a Costumbrismo argentino | ||
| 859 | |a CEMS |b BIB. CEMS - 11 de abril |h A868 |i G344 |p 6178.77 |t Ej.1 | ||
